<?xml version="1.0" encoding="UTF-8"?><?xml-stylesheet type="text/xsl" href="static/style.xsl"?><OAI-PMH xmlns="http://www.openarchives.org/OAI/2.0/" xmlns:xsi="http://www.w3.org/2001/XMLSchema-instance" xsi:schemaLocation="http://www.openarchives.org/OAI/2.0/ http://www.openarchives.org/OAI/2.0/OAI-PMH.xsd"><responseDate>2026-06-06T02:40:22Z</responseDate><request verb="GetRecord" identifier="oai:riuma.uma.es:10630/27216" metadataPrefix="marc">https://riuma.uma.es/rest/oai/request</request><GetRecord><record><header><identifier>oai:riuma.uma.es:10630/27216</identifier><datestamp>2026-02-03T11:11:06Z</datestamp><setSpec>com_10630_2254</setSpec><setSpec>col_10630_37953</setSpec></header><metadata><record xmlns="http://www.loc.gov/MARC21/slim" xmlns:dcterms="http://purl.org/dc/terms/" xmlns:doc="http://www.lyncode.com/xoai" xmlns:xsi="http://www.w3.org/2001/XMLSchema-instance" xsi:schemaLocation="http://www.loc.gov/MARC21/slim http://www.loc.gov/standards/marcxml/schema/MARC21slim.xsd">
   <leader>00925njm 22002777a 4500</leader>
   <datafield ind2=" " ind1=" " tag="042">
      <subfield code="a">dc</subfield>
   </datafield>
   <datafield ind2=" " ind1=" " tag="720">
      <subfield code="a">Rubio-Valverde, Lourdes</subfield>
      <subfield code="e">author</subfield>
   </datafield>
   <datafield ind2=" " ind1=" " tag="720">
      <subfield code="a">Díaz-García, Jordi</subfield>
      <subfield code="e">author</subfield>
   </datafield>
   <datafield ind2=" " ind1=" " tag="720">
      <subfield code="a">Martín-Pizarro, Carmen</subfield>
      <subfield code="e">author</subfield>
   </datafield>
   <datafield ind2=" " ind1=" " tag="720">
      <subfield code="a">Siverio, José M.</subfield>
      <subfield code="e">author</subfield>
   </datafield>
   <datafield ind2=" " ind1=" " tag="720">
      <subfield code="a">Raven, John A.</subfield>
      <subfield code="e">author</subfield>
   </datafield>
   <datafield ind2=" " ind1=" " tag="720">
      <subfield code="a">Fernández-García, José Antonio</subfield>
      <subfield code="e">author</subfield>
   </datafield>
   <datafield ind2=" " ind1=" " tag="260">
      <subfield code="c">2023-07-05</subfield>
   </datafield>
   <datafield ind2=" " ind1=" " tag="520">
      <subfield code="a">Zostera marina is a seagrass, a group of angiosperms that evolved from land to live submerged in seawater, an environment of high salinity, alkaline pH and usually very low NO3−. In 2000, we reported the first physiological evidence for the Na+-dependent high-affinity NO3− uptake in this plant. Now, to determine the molecular identity of this process, we searched for NO3− transporters common to other vascular plants encoded in Z. marina's genome. We cloned two candidates, ZosmaNPF6.3 and ZosmaNRT2 with its partner protein ZosmaNAR2. ZosmaNAR2 expression levels increase up to 4.5-fold in Z. marina leaves under NO3−-deficiency, while ZosmaNRT2 and ZosmaNPF6.3 expressions were low and unaffected by NO3−. NO3− transport capacity, kinetic properties and H+ or Na+-dependence were examined by heterologous expression in the Hansenula polymorpha high-affinity NO3− transporter gene disrupted strain (∆ynt1). ZosmaNPF6.3 functions as a H+-dependent NO3− transporter, without functionality at alkaline pH and apparent dual kinetics (KM = 11.1 µM at NO3− concentrations below 50 µM). ZosmaNRT2 transports NO3− in a H+-independent but Na+-dependent manner (KM = 1 mM Na+), with low NO3− affinity (KM = 30 µM). When ZosmaNRT2 and ZosmaNAR2 are co-expressed, a Na+-dependent high-affinity NO3− transport occurs (KM = 5.7 µM NO3−), mimicking the in vivo value. These results are discussed in the physiological context, providing evidence that ZosmaNRT2 is a Na+-dependent high-affinity NO3− transporter, the first of its kind to be functionally characterised in a vascular plant, that requires ZosmaNAR2 to achieve the necessary high-affinity for nitrate uptake from seawater.</subfield>
   </datafield>
   <datafield ind1="8" ind2=" " tag="024">
      <subfield code="a">Rubio L, Díaz-García J, Martín-Pizarro C, Siverio JM, Raven JA, Fernández JA. Identity and functional characterisation of the transporter supporting the Na+ -dependent high-affinity NO3- uptake in Zostera marina L. Plant Cell Environ. 2023 Jul 5. doi: 10.1111/pce.14660.</subfield>
   </datafield>
   <datafield ind1="8" ind2=" " tag="024">
      <subfield code="a">https://hdl.handle.net/10630/27216</subfield>
   </datafield>
   <datafield ind1="8" ind2=" " tag="024">
      <subfield code="a">10.1111/pce.14660</subfield>
   </datafield>
   <datafield tag="653" ind2=" " ind1=" ">
      <subfield code="a">Zostera marina</subfield>
   </datafield>
   <datafield tag="653" ind2=" " ind1=" ">
      <subfield code="a">Flora marina</subfield>
   </datafield>
   <datafield tag="653" ind2=" " ind1=" ">
      <subfield code="a">Angiospermas</subfield>
   </datafield>
   <datafield tag="653" ind2=" " ind1=" ">
      <subfield code="a">Nitratos</subfield>
   </datafield>
   <datafield tag="653" ind2=" " ind1=" ">
      <subfield code="a">Biología molecular vegetal</subfield>
   </datafield>
   <datafield ind2="0" ind1="0" tag="245">
      <subfield code="a">Identity and functional characterisation of the transporter supporting the Na+-dependent high-affinity NO3− uptake in Zostera marina L.</subfield>
   </datafield>
</record>
</metadata></record></GetRecord></OAI-PMH>